[Event "Manavgat Turkey Cup"]
[Site "Manavgat"]
[Date "2015.01.31"]
[Round "1"]
[White "Gulec, Hasan Guney"]
[Black "Yigit, Sedat"]
[Result "1-0"]
[WhiteElo "1884"]
[BlackElo "1426"]
[PlyCount "121"]
[EventDate "2015.01.31"]
[EventType "swiss"]
[EventRounds "11"]
[EventCountry "TUR"]
[SourceTitle "CBM 164 Extra"]
[Source "ChessBase"]
[SourceDate "2015.03.02"]
[SourceVersion "1"]
[SourceVersionDate "2015.03.02"]
[SourceQuality "1"]

1. e4 e5 2. Nf3 Nc6 3. Bb5 Nge7 4. 0-0 Ng6 5. d4 Bd6 6. dxe5 Ncxe5 7. Nxe5 Bxe5 8. Qh5 Qh4 9. Qxh4 Nxh4 10. c3 c6 11. Bc4 b5 12. Bb3 0-0 13. f4 Bc7 14. f5 d5 15. Bg5 Bb6+ 16. Kh1 Nxf5 17. exf5 Re8 18. Nd2 h6 19. Bf4 Bxf5 20. Nf3 Re2 21. Rfe1 Rae8 22. Ne5 Rxb2 23. Nxc6 Be4 24. Bxd5 Bxd5 25. Rxe8+ Kh7 26. Nd4 Bxg2+ 27. Kg1 b4 28. Bc1 Rc2 29. Be3 Bxd4 30. cxd4 Bd5 31. Rb8 Rg2+ 32. Kf1 Rxh2 33. Rxb4 g5 34. Bg1 Rc2 35. a4 g4 36. Bf2 f5 37. Bg3 Kg6 38. Re1 Kg5 39. Re5 Bc4+ 40. Kg1 h5 41. Rc5 Rc1+ 42. Kg2 Bf1+ 43. Kf2 Ra1 44. d5 h4 45. Bf4+ Kh5 46. d6 Bd3 47. d7 Rf1+ 48. Ke3 Rf3+ 49. Kd2 g3 50. d8Q Kg4 51. Qg5+ Kh3 52. Bxg3 hxg3 53. Qh4+ Kg2 54. Rc1 Kf2 55. Rf4 Be4 56. Rxf3+ Bxf3 57. Qd4+ Kg2 58. Qg1+ Kh3 59. Ke3 Be4 60. Rc8 g2 61. Kf4 1-0